The New City : Principles of Planning /

El autor analiza las propuestas urbanas de grandes arquitectos y los problemas concretos de urbanización para postular su propia teoría sobre los principios básicos para la ordenación y planeación urbana, tomando como elemento de partida a las sociedades y sus necesidades particulares.

Guardado en:
Detalles Bibliográficos
Autor principal: Hilberseimer, Ludwig (autor)
Otros autores: Mies van der Rohe, Ludwig (introducción) (introducción)
Formato: Libro
Idioma:Inglés
Publicado: Chicago, EUA : Paul Theobald, 1944, c1944
Temas:
Etiquetas: Agrega una etiqueta
Sin etiquetas, Sé el primero en etiquetar este registro!

MARC

LEADER 00000nam^a2200000^a^4500
001 000188850
005 20250521000000.0
009 20260310102353.864
037 |a Acervo ITESO - Biblioteca 
041 |a ING 
082 |a 711. 01  |b HIL 
100 |a Hilberseimer, Ludwig  |e (autor) 
245 1 4 |a The New City :  |b Principles of Planning /  |c L. Hilberseimer ; introd. de L. Mies van der Rohe. 
264 4 |a Chicago, EUA :  |b Paul Theobald,  |c 1944, c1944 
300 |a XV, 192 p. 
336 |a texto  |b txt  |2 rdacontenido 
337 |a sin mediación  |b n  |2 rdamedio 
338 |a volumen  |b nc  |2 rdasoporte 
520 |a El autor analiza las propuestas urbanas de grandes arquitectos y los problemas concretos de urbanización para postular su propia teoría sobre los principios básicos para la ordenación y planeación urbana, tomando como elemento de partida a las sociedades y sus necesidades particulares. 
649 |a XX 
650 |a Planeación Urbana -  |x Teoría -  |x Tema Principal 
650 |a Zonificación Urbana 
650 |a Diseño Urbano -  |x Teoría 
650 |a Desarrollo Urbano 
650 |a Urbanismo -  |x Teoría 
650 |a Arquitectura y Sociedad 
700 |a Mies van der Rohe, Ludwig  |e (introducción) 
910 |a Fondo Julio de la Peña Lomelín 
920 |a Impresos - Libros 
930 |a Arquitectos Jaliscienses 
905 |a 115 
901 |a 0500131566  |b IT1  |c JAL  |u 20250521 
902 |a https://opac.biblio.iteso.mx/vufind/Record/000188850